000 00791aam a2200277 i 4500
001 768714001
003 CO-MdFUSB
005 20251025112855.0
007 ta
008 251025t1926 inu |||| |||| 00| 0 eng d
040 _cCO-MdFUSB
041 _aeng
082 0 4 _223
_a252
_bW7769x
245 1 0 _aWinona echoes :
_bnotable addresses delivered at the thirty-second annual Bible Conference
_c/ Winona Lake
264 1 _bWinona Assembly and Bible Conference,
_aWinona Lake, IN., USA :
_c[1926]
264 4 _c©1926
300 _a296 páginas
336 _atexto
_btxt
_2rdacontent
337 _2rdamedia
_asin mediación
_bn
338 _2rdacarrier
_avolumen
_bnc
563 _aRústico
650 7 _aSermones
_9283
942 _cBK
945 _aJTF-925
999 _c39198
_d39198